<?xml version="1.0" encoding="UTF-8"?><?xml-stylesheet type="text/xsl" href="static/style.xsl"?><OAI-PMH xmlns="http://www.openarchives.org/OAI/2.0/" xmlns:xsi="http://www.w3.org/2001/XMLSchema-instance" xsi:schemaLocation="http://www.openarchives.org/OAI/2.0/ http://www.openarchives.org/OAI/2.0/OAI-PMH.xsd"><responseDate>2026-06-29T02:47:56Z</responseDate><request verb="GetRecord" identifier="oai:docta.ucm.es:20.500.14352/102193" metadataPrefix="marc">https://docta.ucm.es/rest/oai/request</request><GetRecord><record><header><identifier>oai:docta.ucm.es:20.500.14352/102193</identifier><datestamp>2025-03-18T14:27:33Z</datestamp><setSpec>com_20.500.14352_14</setSpec><setSpec>col_20.500.14352_20</setSpec></header><metadata><record xmlns="http://www.loc.gov/MARC21/slim" xmlns:dcterms="http://purl.org/dc/terms/" xmlns:xsi="http://www.w3.org/2001/XMLSchema-instance" xmlns:doc="http://www.lyncode.com/xoai" xsi:schemaLocation="http://www.loc.gov/MARC21/slim http://www.loc.gov/standards/marcxml/schema/MARC21slim.xsd">
   <leader>00925njm 22002777a 4500</leader>
   <datafield ind2=" " ind1=" " tag="042">
      <subfield code="a">dc</subfield>
   </datafield>
   <datafield ind2=" " ind1=" " tag="720">
      <subfield code="a">García-Delgado Giménez, Belén</subfield>
      <subfield code="e">author</subfield>
   </datafield>
   <datafield ind2=" " ind1=" " tag="720">
      <subfield code="a">Lavilla Muñoz, David</subfield>
      <subfield code="e">author</subfield>
   </datafield>
   <datafield ind2=" " ind1=" " tag="260">
      <subfield code="c">2013</subfield>
   </datafield>
   <datafield ind2=" " ind1=" " tag="520">
      <subfield code="a">El presente texto ofrecerá una introducción al concepto de sostenibilidad,así como su aplicación tanto a las ciencias de la comunicación como al mundoprofesional de esta área de conocimiento. Además, se desarrollarán de manerasucinta las acciones que la UEM emprende en los grados de Comunicación paracontribuir al compromiso que debe adquirir el profesional de los medios con respectoa su entorno social, económico y cultural. Se trata de observar el soporte de laempresa informativa, sirviendo así de puente entre la entidad y el futuro comunicador,al que se denominará comunicador 360º. Finalmente se plantearán las conclusiones alas que se ha llegado con el estudio, así como las líneas de trabajo futuro; entre ellas elmodo en que la empresa y la universidad influyen en el desarrollo de un adecuadoambiente laboral.</subfield>
   </datafield>
   <datafield ind1="8" ind2=" " tag="024">
      <subfield code="a">García-Delgado, B. y Lavilla Muñoz, D. (2013). Comunicación y sostenibilidad curricular: los grados de comunicación en la UEM y larepercusión del nuevo profesional de la información en la sociedad del conocimiento. In I Encuentro universitario de Sostenibilización curricular. Madrid: Universidad Europea de Madrid.</subfield>
   </datafield>
   <datafield ind1="8" ind2=" " tag="024">
      <subfield code="a">978-84-95433-60-2</subfield>
   </datafield>
   <datafield ind1="8" ind2=" " tag="024">
      <subfield code="a">https://hdl.handle.net/20.500.14352/102193</subfield>
   </datafield>
   <datafield ind1="8" ind2=" " tag="024">
      <subfield code="a">https://abacus.universidadeuropea.com/handle/11268/6463</subfield>
   </datafield>
   <datafield ind1="8" ind2=" " tag="024">
      <subfield code="a">http://hdl.handle.net/11268/2082</subfield>
   </datafield>
   <datafield ind1="8" ind2=" " tag="024">
      <subfield code="a">https://dialnet.unirioja.es/congreso/5420</subfield>
   </datafield>
   <datafield ind1="8" ind2=" " tag="024">
      <subfield code="a">https://abacus.universidadeuropea.com/handle/11268/2082?show=full</subfield>
   </datafield>
   <datafield ind2="0" ind1="0" tag="245">
      <subfield code="a">Comunicación y sostenibilidad curricular: los grados de comunicación en la UEM y la repercusión del nuevo profesional de la información en la sociedad del conocimiento</subfield>
   </datafield>
</record></metadata></record></GetRecord></OAI-PMH>